000
00201 a2200097 4500
001
12188
100
_a
Bakhsh Muhammad
245
_a
Saif-ul-Malook
260
_a
_b
Sang-e-Meel
_c
090
_c
9402
_d
9402
942
_a
NUST-CAE
_c
36270
_c
M
999
_c
247261
_d
247261